000 00865cam a2200265 4500
001 M1447
008 090401t1993 xxu||||| |||| 00| 0 eng d
035 _a(Sirsi) u32071
041 _aeng
050 _a711.52
090 _aRICS 1993/75A
100 _aLewis, Clive
245 4 _aThe East Thames Coridor: paper presented by Mr Clive Lewis FRICS President of the Royal Institution of Chartered Surveyors.
260 _aLondon
_bRICS
_c1993
300 _a8 leaves ; 30cm.
350 _a0
520 _aSpech given at INTA 17 & New Town Experience Joint Conference, 26 to 30 September 1993, Hong Kong.
650 _aEAST THAMES CORRIDOR
650 _aINTA 17 AND NEW TOWN EXPERIENCE JOINT CONFERENCE
650 _aSPEECHES
690 _aURBAN RENEWAL
710 _aRoyal Institution of Chartered Surveyors
_94900
942 _n0
948 _c04/03/1997
999 _c89668
_d89668